000 00498nam a2200181Ia 4500
003 GCL
008 140319s9999 xx 000 0 eng d
040 _aGCL /
_cGCL
082 0 4 _a956
_bZ I
100 1 _aZUBAIDA, SAMI
245 1 0 _aISLAM: THE PEOPLE AND THE STATE: POLITICAL IDEAS & MOVEMENTS IN THE MIDDLE EAST /
_cZUBAIDA, SAMI
260 _a[S.N] :
_bI.B. TAURIS & CO LTD ،
_c1993
300 _a192 P
650 0 4 _aنجد
650 0 4 _aMIDDLE EAST
650 0 4 _aPOLICY
942 _2ddc
_cBK
999 _c25107
_d25107